Ecology, biogeography and management of Pinus halepensis and P. brutia forest ecosystems in the Mediterranean basin

Αποθηκεύτηκε σε:
Λεπτομέρειες βιβλιογραφικής εγγραφής
Άλλοι συγγραφείς: Ne'eman, Gidi (Επιμελητής έκδοσης), Trabaud, Louis (Επιμελητής έκδοσης)
Μορφή: Βιβλίο
Γλώσσα:English
Δημοσίευση: Leiden : Backhuys Publishers, 2000
Θέματα:
Ετικέτες: Προσθήκη ετικέτας
Δεν υπάρχουν, Καταχωρήστε ετικέτα πρώτοι!

MARC

LEADER 00000cam a2200000 i 4500
001 1/25530
008 020627s2000 eng d
020 |a 90-5782-055-2 
035 |l 10068081 
040 |a GR-MY-UA  |b gre  |e aacr 
041 0 |a eng 
082 0 |a 585.217 
245 1 0 |a Ecology, biogeography and management of Pinus halepensis and P. brutia forest ecosystems in the Mediterranean basin /  |c edited by Gidi Ne'eman and Luis Trabaud 
260 |a Leiden :   |b Backhuys Publishers,   |c 2000 
300 |a 407 p.  |b fig. 
504 |a Includes bibliographical references 
650 0 0 |a Pine  |x Ecology  |z Mediterranean Region. 
650 0 0 |a Pine  |x Geographical distribution  |z Mediterranean Region. 
700 1 |a Ne'eman, Gidi.  |4 edt 
700 1 |a Trabaud, Louis.  |4 edt 
852 |a INST  |b LESVOS  |e 20020627  |h 585.217 ECO  |p 005100025277  |q 005100025277  |t BK  |y 0 
901 |a BIBL1-2002-2 
909 |a Λ  |b 102266 
970 |a ΤΖΑΦΕΡΗ  |b ΕΥΑΓΓΕΛΙΑ  |z 2002/06/02